000 00622nam a2200241Ia 4500
003 OSt
005 20221007080301.0
006 a|||||r|||| 00| 0
007 ta
008 221006b |||||||| |||| 00| 0 eng d
024 _a41,767
037 _cTextual
040 _aFLL
_cFLL
_beng
041 _2eng
_aeng
082 _aX:321:Z2, Q5
100 _aSaharay H.K.
245 0 _aConsumer protection law
250 _a2nd
260 _aNew Delhi
_bUniversal Law Publication India
_c2015
300 _axxiv,182p
_ccm.
942 _hX:321:Z2, Q5
_cTEXL
_2CC
999 _c1158974
_d1158974